| 000 | 00843nas a22002657a 4500 | ||
|---|---|---|---|
| 005 | 20220329143055.0 | ||
| 008 | 060113 1969 p rnn 0 b1En d | ||
| 010 | _a91553 | ||
| 011 | _a92525 | ||
| 022 | _a0077-6351 | ||
| 035 | _a103090 | ||
| 245 | 0 | 0 |
_aTransactions of the Nebraska Academy of Science _c/by Nebraska Academy of Science |
| 260 | 0 |
_aLincoln, Nebraska: _bNebraska Academy of Science _c1969 |
|
| 300 | _av. | ||
| 310 | _aAnual | ||
| 362 | _av.30,2005 | ||
| 590 |
_aBATCH-UPD _b10 _c20130110 _lUCH01 _h1426 |
||
| 590 |
_aBATCH-UPD _b10 _c20130410 _lUCH01 _h0905 |
||
| 590 |
_aBATCH-UPD _b10 _c20130914 _lUCH01 _h0934 |
||
| 590 |
_aCONVERSION _b10 _c20130109 _lUCH01 _h1351 |
||
| 650 | 0 | 4 |
_aCiencia _xPublicaciones periódicas. _923133 |
| 866 | _av. 28 (2002) - v. 30 (2005) | ||
| 901 | _aSE | ||
| 905 | _aAraceli Hernández G. | ||
| 999 |
_c91553 _d91553 |
||